MARC

LEADER 00000nam0a2200000 4500
001 159994
005 20231031155421.0
035 |a (RuTPU)RU\TPU\book\173514 
090 |a 159994 
100 |a 20090516d1986 m y0rusy50 ca 
101 0 |a rus 
102 |a RU 
105 |a y j 001zy 
200 1 |a Современные инсектициды. Химия и практическое использование  |e учебное пособие  |f Л. В. Коваленко  |g Московский химико-технологический институт им. Д. И. Менделеева (МХТИ) 
210 |a Москва  |d 1986 
215 |a 48 с.  |c ил. 
320 |a Библиогр.: с. 48. 
610 1 |a инсектициды 
610 1 |a химия 
610 1 |a практическое применение 
610 1 |a учебные пособия 
610 1 |a ингибиторы 
610 1 |a феромоны 
675 |a 632(075.8)  |v 3 
700 1 |a Коваленко  |b Л. В.  |g Леонид Владимирович 
712 0 2 |a Московский химико-технологический институт им. Д. И. Менделеева (МХТИ)  |2 stltpush  |3 (RuTPU)RU\TPU\col\1701 
801 1 |a RU  |b 63413507  |c 20090516  |g PSBO 
801 2 |a RU  |b 63413507  |c 20091201  |g RCR 
942 |c BK